000 00487nam a2200169Ia 4500
999 _c36871
_d36871
003 OSt
005 20210127103100.0
008 190216s9999||||xx |||||||||||||| ||und||
040 _coclc
082 _a420
_bYAD/U
100 _aYadav, Surya Pal
_98447
245 0 _aUGC NET / JRF / SLET English (Paper II) /
_cSurya Pal Yadav
260 _bUpkar Prakashan,
_c2008.
_aAgra:
300 _a283p
650 _aReferences
942 _cREF
_2ddc
_h420
_iYAD/U
_k420
_mYAD/U